000 00638nam a2200277Ia 4500
005 20260324150915.0
008 008 260324s9999 xx 000 0 eng d
020 _a9781315010267
037 _aEBOOK
040 _aCRL
040 _beng
040 _cCRL
041 _2eng
041 _aeng
084 _qCRL
100 _aHenri Pieron
_91228047
245 0 _aPrinciples Of Experimental Psychology
260 _bTaylor and Francis
260 _c1929
365 _a
365 _b350
856 _uhttp://www.taylorfrancis.com/books/9781315010267
942 _cEBOOK
999 _c1838289
_d1838289